Name 4 Letter Words Ending in Each Letter A-Z - Statistics

General Stats
  • This quiz has been taken 318 times
  • The average score is 249 of 482
Answer Stats
Starts With Ends With # Possible Example Words % Correct
C E 33 come
87%
D E 37 dive
87%
A S 57 acts
85%
B K 20 back
84%
B T 27 beat
84%
B D 16 bend
83%
B E 29 bake
83%
B L 14 ball
83%
B S 48 boss
83%
H E 26 here
83%
D S 47 dots
82%
F E 30 face
82%
L E 38 line
82%
M E 35 make
82%
A A 20 area
81%
C T 19 coat
81%
D K 16 dark
81%
A E 23 ache
80%
C D 13 cold
80%
C L 11 call
80%
F L 15 fall
80%
F T 18 fast
80%
B R 10 bear
79%
C K 8 cook
79%
D R 8 deer
79%
G E 23 give
79%
L D 13 land
79%
P S 53 pass
79%
R E 35 ride
79%
S E 39 side
79%
T E 35 take
79%
B B 10 bomb
78%
C B 8 club
78%
H D 13 hand
78%
L K 12 lick
78%
N E 19 name
78%
S K 15 sick
78%
T K 11 talk
78%
B G 9 brag
77%
B N 11 burn
77%
C P 14 camp
77%
C S 37 cats
77%
D L 14 deal
77%
D T 23 dart
77%
E S 35 ears
77%
F D 12 food
77%
H L 13 hall
77%
H S 37 hugs
77%
M K 15 mock
77%
P K 13 pack
77%
P T 24 post
77%
S D 23 sand
77%
T S 51 toes
77%
B H 8 bath
76%
D P 6 deep
76%
F S 35 fits
76%
G S 39 guns
76%
H T 19 hurt
76%
M N 10 moon
76%
P E 30 pipe
76%
S T 39 suit
76%
W E 24 wave
76%
W T 22 wait
76%
A Y 14 army
75%
B M 7 boom
75%
C N 13 chin
75%
C W 8 chew
75%
D D 6 dead
75%
G D 16 good
75%
H K 16 hook
75%
L S 39 loss
75%
M D 10 mind
75%
M S 47 miss
75%
M T 21 must
75%
P L 11 pill
75%
S P 22 stop
75%
B F 7 beef
74%
D G 7 drag
74%
F G 7 flag
74%
F M 7 from
74%
F R 5 four
74%
H R 7 hour
74%
L T 16 last
74%
M L 13 mail
74%
S L 11 sail
74%
S S 49 sons
74%
T T 21 text
74%
B W 6 blow
73%
D M 7 doom
73%
F K 7 fork
73%
G T 18 goat
73%
L N 12 lain
73%
O S 40 ours
73%
P R 8 pear
73%
R D 12 road
73%
S G 20 song
73%
S R 11 star
73%
T L 11 tool
73%
W D 13 wild
73%
W L 9 wall
73%
A D 13 aced
72%
C F 11 chef
72%
C Y 15 city
72%
D B 6 dumb
72%
D N 7 down
72%
G L 6 goal
72%
G W 4 grow
72%
J S 22 jobs
72%
P Y 19 play
72%
R K 11 rock
72%
R S 44 rods
72%
S N 18 scan
72%
T N 13 turn
72%
W K 11 work
72%
B P 4 bump
71%
C M 7 calm
71%
D F 6 deaf
71%
D H 3 dash
71%
D W 3 draw
71%
F W 4 flow
71%
G B 6 grab
71%
H P 8 harp
71%
J K 7 junk
71%
L P 7 lamp
71%
N L 6 nail
71%
P N 14 plan
71%
R L 9 real
71%
S M 16 swim
71%
V E 12 vase
71%
W S 31 wars
71%
B Y 10 body
70%
H H 6 high
70%
N S 26 news
70%
P D 10 paid
70%
R T 13 rest
70%
G F 5 golf
69%
M H 10 math
69%
P P 11 pump
69%
R H 6 rush
69%
T R 9 tear
69%
Y R 3 your
69%
F H 2 fish
68%
G M 11 grim
68%
G N 11 gain
68%
H F 5 half
68%
J E 14 joke
68%
L F 5 leaf
68%
L H 9 lash
68%
P M 7 palm
68%
R F 7 roof
68%
R R 3 rear
68%
S H 11 sigh
68%
T D 10 tied
68%
W H 5 wash
68%
W N 9 worn
68%
W P 10 whip
68%
C H 3 cash
67%
E N 6 even
67%
G G 6 gang
67%
I S 16 iris
67%
K S 30 kiss
67%
C G 4 clog
66%
F P 4 flip
66%
G Y 8 gray
66%
J L 5 jail
66%
N K 6 neck
66%
P H 9 path
66%
Q T 1 quit
66%
R M 3 room
66%
S W 15 show
66%
S Y 11 stay
66%
T M 7 them
66%
T P 8 trap
66%
T Y 13 tiny
66%
V L 7 veil
66%
F Y 8 fury
65%
J T 4 just
65%
N N 4 noon
65%
Y K 8 yolk
65%
D Y 17 duty
64%
E T 6 exit
64%
F N 8 fern
64%
G H 4 gush
64%
G P 9 gasp
64%
G R 5 gear
64%
K L 5 kill
64%
R N 4 rain
64%
R P 7 ramp
64%
S B 14 stab
64%
Z S 11 zaps
64%
A N 13 amen
63%
A O 9 also
63%
E H 3 each
63%
H M 6 harm
63%
J P 4 jump
63%
L R 7 liar
63%
O Y 10 obey
63%
P G 8 plug
63%
W M 5 warm
63%
J N 5 join
62%
K E 11 kite
62%
K K 9 kick
62%
L G 4 long
62%
N D 4 need
62%
N R 2 near
62%
O N 4 open
62%
P A 15 plea
62%
P F 5 puff
62%
Q D 4 quad
62%
Q Z 1 quiz
62%
R G 4 ring
62%
W R 6 wear
62%
D O 10 dodo
61%
G K 9 geek
61%
L B 2 limb
61%
L M 2 loom
61%
T G 10 twig
61%
H G 4 hang
60%
H O 6 hero
60%
J Z 2 jazz
60%
M Y 7 many
60%
P W 4 phew
60%
W G 2 wing
60%
Y L 4 yell
60%
A H 4 arch
59%
F B 4 flab
59%
K G 1 king
59%
L A 10 lava
59%
N T 6 next
59%
Q Y 2 quay
59%
V S 16 vans
59%
V T 6 vent
59%
I H 2 inch
58%
K T 12 kept
58%
L Y 11 lazy
58%
M A 15 mama
58%
S O 8 solo
58%
V D 4 void
58%
Y S 21 yaks
58%
O E 8 once
57%
Q P 1 quip
57%
Z M 1 zoom
57%
C X 3 coax
56%
D A 9 data
56%
E E 11 edge
56%
E Y 11 easy
56%
F X 5 flex
56%
F Z 4 fuzz
56%
L L 4 lull
56%
U S 14 urns
56%
W Y 10 wary
56%
Y D 6 yard
56%
A R 8 afar
55%
C A 10 coma
55%
H N 7 horn
55%
K P 5 keep
55%
N H 2 nigh
55%
O L 5 opal
55%
S A 20 soda
55%
T F 6 turf
55%
V Y 3 very
55%
Z C 2 zinc
55%
B Z 1 buzz
54%
M I 8 mini
54%
M O 10 memo
54%
W F 4 wolf
54%
Y N 4 yawn
54%
C R 5 char
53%
E O 5 echo
53%
G A 6 gala
53%
J H 1 josh
53%
Q N 1 quin
53%
T H 6 tech
53%
T W 3 thaw
53%
Z L 2 zeal
53%
A T 6 aunt
52%
E L 4 evil
52%
E R 5 ever
52%
M F 2 muff
52%
N A 10 nova
52%
O H 6 oath
52%
O R 5 over
52%
V N 2 vein
52%
Y E 6 yore
52%
A W 3 anew
51%
I A 8 idea
51%
K N 9 keen
51%
R Y 7 ruby
51%
Z E 3 zone
51%
Z G 1 zing
51%
F A 5 flea
50%
H X 1 hoax
50%
H Y 3 holy
50%
J X 2 jinx
50%
N B 1 numb
50%
C C 2 chic
49%
J R 1 jeer
49%
L O 9 logo
49%
M R 4 moor
49%
O T 4 omit
49%
Q G 1 quag
49%
S F 4 self
49%
A L 10 axel
48%
U T 1 unit
48%
V R 3 veer
48%
W B 1 womb
48%
B A 9 beta
47%
K D 1 kind
47%
R A 7 rota
47%
U O 5 undo
47%
V P 2 vamp
47%
Z O 1 zero
47%
I N 3 iron
46%
J F 1 jiff
46%
A X 1 apex
45%
K W 2 know
45%
N Y 4 navy
45%
T B 1 tomb
45%
V W 2 view
45%
Y G 2 yang
45%
Y P 3 yelp
45%
B O 8 biro
44%
H B 1 herb
44%
K B 2 knob
44%
K O 9 kilo
44%
V B 1 verb
44%
A M 4 atom
43%
I O 3 into
43%
I Y 8 icky
43%
J B 2 jamb
43%
O A 9 orca
43%
O O 7 onto
43%
T A 13 tuna
43%
V A 10 visa
43%
C O 8 camo
42%
O X 2 onyx
42%
Y I 4 yeti
42%
H A 6 haha
41%
I E 2 idle
41%
I M 3 item
41%
J A 5 java
41%
N M 3 norm
41%
P O 8 polo
41%
T O 11 taco
41%
Z Y 1 zany
41%
K A 10 kava
40%
M W 1 meow
40%
R Z 2 razz
40%
U R 1 user
40%
W Z 1 whiz
40%
Z T 1 zest
40%
A I 3 anti
39%
E C 4 epic
39%
M M 3 maim
39%
K I 7 kiwi
38%
L X 1 lynx
38%
S I 9 semi
38%
T U 6 tofu
38%
Y H 5 yeah
38%
J Y 4 jury
37%
M X 1 minx
37%
G U 2 guru
36%
N P 2 neap
36%
T I 7 taxi
36%
U D 1 used
36%
H J 2 hajj
35%
U Y 3 ugly
35%
F O 7 faro
34%
G O 4 gyro
34%
U E 3 urge
34%
V O 2 veto
34%
Z K 3 zonk
34%
B C 1 bloc
33%
I D 4 iced
33%
N F 3 naff
33%
P B 1 pleb
33%
U A 5 ulna
33%
U N 3 upon
33%
A K 2 amok
32%
O K 1 oink
32%
R O 4 redo
32%
I L 2 idol
31%
I X 2 ibex
30%
T C 2 talc
30%
X T 1 xyst
30%
A G 1 agog
29%
D I 4 deli
29%
Y T 2 yurt
29%
F C 3 fisc
28%
P Z 3 phiz
28%
N C 1 narc
27%
R X 1 roux
27%
V G 2 vang
27%
F I 3 foci
26%
Y A 3 yoga
26%
Y F 1 yaff
26%
A P 2 atop
25%
L U 6 lieu
25%
M U 3 menu
25%
B U 4 beau
24%
K H 3 kith
24%
M C 2 marc
24%
Q I 2 qadi
24%
R I 5 rami
24%
N I 7 nidi
23%
W W 1 whew
23%
Z A 3 zeta
23%
Z I 2 ziti
23%
O D 5 owed
22%
P X 2 plex
22%
Z F 1 zarf
22%
K F 5 kerf
21%
P I 8 peri
21%
Q S 1 qats
21%
S C 3 spec
21%
A C 1 alec
20%
C I 4 chai
20%
M P 1 mump
20%
E D 5 eyed
19%
P V 1 perv
19%
W O 1 wino
19%
Y Z 1 yutz
19%
D X 1 doux
18%
E M 1 exam
18%
E U 2 ecru
18%
F F 1 fief
18%
Q H 1 qoph
18%
A F 2 alef
17%
D Z 1 ditz
17%
J O 4 judo
17%
L I 6 loti
17%
Z U 1 zebu
17%
D C 1 disc
16%
S V 2 shiv
16%
I B 1 iamb
15%
Z N 2 zein
15%
C Z 1 chez
14%
H I 2 hili
14%
K R 6 knar
14%
W A 2 whoa
14%
W I 1 wadi
14%
I U 1 iglu
13%
O M 3 ovum
13%
J D 1 jeed
12%
L C 1 laic
12%
L Z 1 lutz
12%
M G 2 mugg
12%
O C 2 otic
12%
V H 1 vugh
12%
B I 2 bani
11%
E F 1 enuf
11%
G Z 1 geez
11%
J U 3 juju
11%
K U 3 kudu
11%
U C 1 uric
11%
I R 1 izar
10%
J G 1 jagg
10%
E W 1 enow
9%
N O 1 nolo
9%
B X 1 blux
8%
E I 2 etui
8%
N G 1 nogg
8%
O Z 1 oyez
8%
I I 2 impi
7%
P U 2 pupu
7%
S U 1 sulu
6%
S Z 1 spaz
6%
E A 3 eyra
5%
G I 2 gyri
5%
H U 2 habu
5%
U I 2 unci
5%
F U 1 fugu
4%
H C 1 huic
3%
J M 1 jism
3%
R U 1 raku
3%
V I 1 vagi
3%
V U 1 vatu
3%
E X 1 eaux
2%
P C 1 pyic
2%
Y M 1 ylem
2%
I T 1 ikat
1%
U U 1 unau
1%
No matching quizzes found
Score Distribution
Percent of People with Each Score
Percentile by Number Answered
Your Score History
You have not taken this quiz